Сочинения. 2: Девять рассказов | Повести (Запись № 6913867)

Подробности
000 -МАРКЕР
контрольное поле 02750nam2a22003851 4500
001 - ИДЕНТИФИКАТОР ЗАПИСИ
контрольное поле rc\724884
005 - ИДЕНТИФИКАТОР ВЕРСИИ
контрольное поле 20250621230747.0
010 ## - МЕЖДУНАРОДНЫЙ СТАНДАРТНЫЙ НОМЕР КНИГИ (ISBN)
Номер (ISBN) 5-7150-0327-Х
Тираж 10000
035 ## - ДРУГИЕ СИСТЕМНЫЕ НОМЕРА
Идентификатор записи (NLR Aleph) 005968112
100 ## - ДАННЫЕ ОБЩЕЙ ОБРАБОТКИ
Данные общей обработки 20031121d1997 |||y0rusy50 ca
101 0# - ЯЗЫК РЕСУРСА
Язык текста, звукозаписи и т.д. русский
102 ## - СТРАНА ПУБЛИКАЦИИ ИЛИ ПРОИЗВОДСТВА
Страна публикации Российская Федерация
105 ## - ПОЛЕ КОДИРОВАННЫХ ДАННЫХ: ТЕКСТОВЫЕ МАТЕРИАЛЫ, МОНОГРАФИЧЕСКИЕ
Кодированные данные о монографическом текстовом документе a |||||||||
200 1# - ЗАГЛАВИЕ И СВЕДЕНИЯ ОБ ОТВЕТСТВЕННОСТИ
Основное заглавие Девять рассказов
-- Повести
210 ## - ПУБЛИКАЦИЯ, РАСПРОСТРАНЕНИЕ И ДР.
Дата издания, распространения и т.д. 1997
Место издания, распространения и т.д. Б. м.
215 ## - ФИЗИЧЕСКАЯ ХАРАКТЕРИСТИКА
Специфическое обозначение материала и объем 479 с.
Другие сведения о физической характеристике ил.
300 ## - ОБЩИЕ ПРИМЕЧАНИЯ
Текст примечания На 2 с. загл. и авт. ориг.: Seleeted works / D. Salinger
327 0# - ПРИМЕЧАНИЯ О СОДЕРЖАНИИ
Текст примечания Содерж.: Рассказы: Хорошо ловится рыбка-бананка; Лапа-растяпа; Перед самой войной с эскимосами; Человек, который смеялся; В лодке; Дорогой Эсме с любовью - и всякой мерзостью: И эти губы, и глаза зеленые...; Голубой период де Домье-Смита; Тедди; Повести: Выше стропила, плотники и др.
461 #0 - УРОВЕНЬ НАБОРА
Встроенное поле 001rc\136437
-- 2001#$aСочинения$eВ 2 т.$eПер. с англ.$fДж. Д. Сэлинджер$g[Редактор М.К. Тюнькина$gПримеч. А.М.Зверева$gХудож. М.Е. Квитка, О.Л. Квитка]$v2
-- 700#1$aСэлинджер$bД.Д.$f1919-2010$gДжером Дейвид$f1919-2010$3RU\NLR\AUTH\774717
Системный номер (АБИС) связанной записи 6430885
Автор Сэлинджер, Д. Д. (1919-2010)
Место публикации Белгород
Дата публикации 1997-
Первые сведения об ответственности Дж. Д. Сэлинджер
Имя издателя, распространителя и т.д. Фолио-транзит
Сведения, относящиеся к заглавию В 2 т. : Пер. с англ.
Заглавие Сочинения
ISBN 5715003253
Номер тома 2
464 #0 - АНАЛИТИЧЕСКИЙ УРОВЕНЬ
Встроенное поле 2001#$aХорошо ловится рыбка-бананка
Заглавие Хорошо ловится рыбка-бананка
464 #0 - АНАЛИТИЧЕСКИЙ УРОВЕНЬ
Встроенное поле 2001#$aЛапа-растяпа
Заглавие Лапа-растяпа
464 #0 - АНАЛИТИЧЕСКИЙ УРОВЕНЬ
Встроенное поле 2001#$aПеред самой войной с эскимосами
Заглавие Перед самой войной с эскимосами
464 #0 - АНАЛИТИЧЕСКИЙ УРОВЕНЬ
Встроенное поле 2001#$aЧеловек, который смеялся
Заглавие Человек, который смеялся
464 #0 - АНАЛИТИЧЕСКИЙ УРОВЕНЬ
Встроенное поле 2001#$aВ лодке
Заглавие В лодке
464 #0 - АНАЛИТИЧЕСКИЙ УРОВЕНЬ
Встроенное поле 2001#$aДорогой Эсме с любовью - и всякой мерзостью
Заглавие Дорогой Эсме с любовью - и всякой мерзостью
464 #0 - АНАЛИТИЧЕСКИЙ УРОВЕНЬ
Встроенное поле 2001#$aГолубой период де Домье-Смита
Заглавие Голубой период де Домье-Смита
464 #0 - АНАЛИТИЧЕСКИЙ УРОВЕНЬ
Встроенное поле 2001#$aТедди
Заглавие Тедди
464 #0 - АНАЛИТИЧЕСКИЙ УРОВЕНЬ
Встроенное поле 2001#$aВыше стропила, плотники
Заглавие Выше стропила, плотники
801 #0 - ИСТОЧНИК ЗАПИСИ
Страна Российская Федерация
Организация NLR
Правила каталогизации psbo
801 #1 - ИСТОЧНИК ЗАПИСИ
Страна Российская Федерация
Организация ELAR
Источник данных rusmarc
852 ## - МЕСТОНАХОЖДЕНИЕ И ШИФР ХРАНЕНИЯ
Идентификатор организации NLR
Шифр хранения (Call Number) 97-3/4340
942 ## - ДОПОЛНИТЕЛЬНЫЕ ЭЛЕМЕНТЫ ЗАПИСИ (АБИС)
Тип экземпляра АБИС Книга
980 ## - КОЛЛЕКЦИЯ
Название коллекции Национальная библиография
Экземпляры
Тип экземпляра Дата поступления Библиотека постоянного хранения Библиотека текущего хранения Место хранения Шифр хранения Штрих-код Статус экземпляра
Книга 26.10.2013 РНБ (Московский) РНБ (Московский) Русский книжный фонд: издания с 1957 года 97-3/4340 1-2011071